Polly Pocket: fim de semana divertido (Record no. 126813)

MARC details
000 -LÍDER
campo de controle de tamanho fixo 00665 a2200193 4500
001 - NÚMERO DE CONTROLE
campo de controle 126813
020 ## - ISBN - INTERNATIONAL STANDARD BOOK NUMBER
ISBN - International Standard Book Number 9788538055204
040 ## - FONTE DA CATALOGAÇÃO
Instituição que transcreveu o registro Escola Canadense de Niteroi
090 ## - NÚMERO DE CHAMADA LOCAL
Número de chamada (OCLC) (R); Número de chamada, CALL (RLIN) (NR) CIR
100 ## - ENTRADA PRINCIPAL--NOME PESSOAL
Nome pessoal Ciranda Cultural
245 10 - TÍTULO
Título Polly Pocket: fim de semana divertido
250 ## - EDIÇÃO
Edição 1. ed.
300 ## - DESCRIÇÃO FÍSICA
Extensão 10 p.
Outros detalhes físicos il.
Dimensões 22x19 cm. (capa dura)
362 0# - DATAS DE PUBLICAÇÃO E/OU DESIGNAÇÃO SEQUENCIAL
Datas de publicação e/ou designação sequencial 2014
520 ## - NOTA DE RESUMO, ETC
Resumo, etc. O fim de semana chegou e Polly chamou suas amigas para passarem uma agradável tarde juntas. Acompanhe Polly e as garotas em brincadeiras incríveis e descubra o que elas fizeram para se divertir.
650 #4 - ASSUNTO--TERMO TÓPICO
Cabeçalho tópico ou nome geográfico Literatura para Educação Infantil
650 #4 - ASSUNTO--TERMO TÓPICO
Cabeçalho tópico ou nome geográfico Brincadeiras
942 ## - ELEMENTOS DE ENTRADA ADICIONADOS (KOHA)
Tipo de material Koha Livros
Holdings
Situação do descarte Situação das perdas Situação física Não pode ser emprestado Biblioteca de origem Biblioteca atual Data de aquisição Total de empréstimos Número de chamada completo Código de barras Data de último acesso Data do último empréstimo Data do preço efetivo Tipo de material Koha Fonte da classificação ou esquema de arquivamento na estante Nota pública
        Canadian School of Niterói - Piratininga Canadian School of Niterói - Piratininga 09/02/2024 1 CIR A24290 06/06/2024 28/05/2024 09/02/2024 Livros    
        Novo Tempo - Aureliano São José Novo Tempo - Aureliano São José 08/07/2024     if971 08/07/2024   08/07/2024 Livros Classificação Decimal de Dewey P